| 000 | 00624nam a2200193 a 4500 | ||
|---|---|---|---|
| 005 | 20240925065550.0 | ||
| 008 | 991125s1941 san 000 0 spa u | ||
| 035 | _aUPN01000041492 | ||
| 049 | _aCG | ||
| 050 | 4 |
_aHM216 _bR6.2 |
|
| 100 | 1 | _aRodríguez Marín, Alberto | |
| 245 | 1 | 0 |
_aNociones de ciencia social : _buna introducción al estudio de la vida de la sociedad humana / _cpor Alberto Rodríguez Marín. |
| 260 |
_aSanta Clara, Cub. : _bLa Casa del Niño, _c1941. |
||
| 300 | _a145 p. | ||
| 650 | 4 |
_aCONDICIONES MORALES _910907 |
|
| 650 | 4 |
_aConducta de vida _94416 |
|
| 650 | 4 |
_aSociología _95756 |
|
| 905 | _aLibro | ||
| 999 |
_c41492 _d41492 |
||